000 00586nam a2200181Ia 4500
008 220216s9999 xx 000 0 und d
100 _aFAo Regional Office for Asia and the Pacific
245 0 _aAppendix A (covering list A1 and A2) and B of the plant protection agreement for the Asia and Pacific Region
260 _bTechnical Document - Asia and Pacific Plant Protection Commission
_c1991
300 _a19pp
500 _aSource Year: 1992
650 _aDestructive pests
650 _aHevea
650 _aMicrocyclus ulei
650 _aSALB
856 _uRPP
942 _cJS
999 _c54344
_d54344